Підприємництво і підприємницька діяльність (Запис № 313245)

МАРК-запис
000 -Лідер
fixed length control field 00712nam a22002657a 4500
003 - Ідентифікатор контрольного номера
control field UA-OsUOA
001 - Контрольний номер
control field 26909
007 - Фіксоване поле фізичного опису
fixed length control field ta
008 - Елементи даних фіксованої довжини – загальна інформація
fixed length control field 20040610b un ||||| |||| 00| 0 ukr d
090 ## - Локальний шифр розміщення
Класифікаційний індекс УДК 658(075.8)
Авторський знак (НП) Ш37
040 ## - Джерело каталогізації
Агенція оригінальної каталогізації UA-OsUOA
Мова каталогізації ukr
Агенція, яка здійснювала перезапис UA-OsUOA
Агенція, яка здійснювала модифікацію UA-OsUOA
041 ## - Код мови
Код мови тексту/ звукової доріжки чи окремого заголовка (П) ukr
080 ## - Індекс Універсальної десяткової класифікації
Індекс Універсальної десяткової класифікації (УДК) (НП) 658(075.8)
020 ## - Міжнародний стандартний книжковий номер (ISBN)
Міжнародний стандартний книжковий номер (ISBN) (НП) 5-11-004576-3
044 ## - Код країни видавця/ виробника
Код країни видавця/ виробника (П) UA
100 ## - Основне введення – ім’я особи
Ім’я особи (НП) Шевеленко С.Д.
245 ## - Відомості про назву
Назва (НП) Підприємництво і підприємницька діяльність
Решта назви (НП) Навчальний посібник
260 ## - Публікація, розповсюдження і т.п. (Вихідні дані)
Місце публікації, розповсюдження і т.п. (П) Київ
Ім’я/ наймення видавництва, розповсюджувача і т.п. (П) Вища школа
Дата публікації, розповсюдження і т.п. (П) 1997
300 ## - Фізичний опис
Обсяг 224 с.
650 #7 - Додаткове предметне введення – тематичний термін
Джерело заголовка чи терміна UDC
700 ## - Додаткове введення – ім'я особи
Ім’я особи (НП) Федів І.І.
942 ## - Додаткові елементи входу (Коха)
Тип елемента Koha Книги
955 ## - Код типу видання за змістом
Код типу видання за змістом (НП) інше
Фонди
Стан вилучень Стан втрат Джерело класифікації або схеми стелажів Стан уражень Не для кредиту Постійне місце розташування Поточне розміщення Дата придбання Вартість, звичайна ціна покупки Інвентарний номер Усього замовленно Повний номер виклику Штрих-код Дата останнього перегляду Ціна ефективна від Тип елемента Koha Усього утримується
    Universal Decimal Classification     ЧЗ - Читальна зала ЧЗ - Читальна зала 10/06/2004 5.00 69779   658(075.8) Ш37 69779 07/02/2022 10/06/2004 Книги  
    Universal Decimal Classification     ЧЗ - Читальна зала ЧЗ - Читальна зала 10/06/2004 30.00 69780   658(075.8) Ш37 69780 06/02/2022 10/06/2004 Книги  
    Universal Decimal Classification     ЧЗ - Читальна зала ЧЗ - Читальна зала 10/06/2004 5.00 69781   658(075.8) Ш37 69781 07/02/2022 10/06/2004 Книги  
    Universal Decimal Classification     ЧЗ - Читальна зала ЧЗ - Читальна зала 10/06/2004 35.88 69782   658(075.8) Ш37 69782 06/02/2022 10/06/2004 Книги  
Withdrawn   Universal Decimal Classification   Not For Loan ЧЗ - Читальна зала ЧЗ - Читальна зала 10/06/2004 5.00 69783   658(075.8) Ш37 69783 13/07/2019 10/06/2004 Книги 1
    Universal Decimal Classification     ЧЗ - Читальна зала ЧЗ - Читальна зала 10/06/2004 35.88 69784   658(075.8) Ш37 69784 06/02/2022 10/06/2004 Книги  
    Universal Decimal Classification     ЧЗ - Читальна зала ЧЗ - Читальна зала 10/06/2004 35.88 69785   658(075.8) Ш37 69785 06/02/2022 10/06/2004 Книги  
    Universal Decimal Classification     ЧЗ - Читальна зала ЧЗ - Читальна зала 10/06/2004 3.00 69787   658(075.8) Ш37 69787 06/02/2022 10/06/2004 Книги  
    Universal Decimal Classification     ЧЗ - Читальна зала ЧЗ - Читальна зала 10/06/2004 4.00 69788   658(075.8) Ш37 69788 06/02/2022 10/06/2004 Книги